[Event "XIII American Continental"]
[Site "Montevideo URU"]
[Date "2018.06.04"]
[Round "5"]
[White "Suarez, Pedro"]
[Black "Carvalho, Herbert Abreu"]
[Result "1/2-1/2"]
[WhiteElo "1924"]
[BlackElo "2149"]
[EventDate "2018.06.01"]
[PlyCount "131"]

1.d4 Nf6 2.c4 g6 3.Nc3 Bg7 4.e4 d6 5.Nf3 O-O 6.Be2 Bg4 7.Be3 Nfd7 8.Ng1 
Bxe2 9.Ngxe2 Nc6 10.Qd2 e5 11.d5 Ne7 12.Nc1 f5 13.f3 Nf6 14.Nd3 c6 15.
O-O-O Qa5 16.Bg5 cxd5 17.Bxf6 Bxf6 18.cxd5 Rac8 19.Kb1 Rc4 20.Nc1 Rfc8 21.
N1e2 b5 22.b3 R4c7 23.Rc1 Qb6 24.g4 fxg4 25.fxg4 Bh4 26.Qd3 a6 27.Nd1 Kg7 
28.Rxc7 Qxc7 29.Rf1 Ng8 30.Ne3 Nf6 31.Ng2 Bg5 32.h4 Bf4 33.Ngxf4 exf4 34.
Nxf4 Qe7 35.Ne6+ Kg8 36.Qf3 Nd7 37.h5 Ne5 38.Qh3 gxh5 39.gxh5 Kh8 40.h6 
Rg8 41.Qf5 Rg6 42.Qf8+ Qxf8 43.Rxf8+ Rg8 44.Rxg8+ Kxg8 45.Nc7 Ng4 46.Nxa6 
Nxh6 47.Nb4 Kf7 48.a4 bxa4 49.bxa4 Ke7 50.Kc2 Ng4 51.Nd3 Kd7 52.Kd2 Kc7 
53.Ke2 Kb6 54.Kf3 Nf6 55.Kf4 h5 56.Kf5 Ng4 57.Kg5 Ka5 58.Nf4 Kxa4 59.Nxh5 
Ne5 60.Kf5 Kb4 61.Ke6 Kc5 62.Nf6 Nd3 63.Ne8 Nf4+ 64.Kd7 Nxd5 65.exd5 Kxd5 
66.Nxd6 1/2-1/2

[Event "XIII American Continental"]
[Site "Montevideo URU"]
[Date "2018.06.04"]
[Round "5"]
[White "Curi Milia, Gabriel"]
[Black "Moccero, Eduardo"]
[Result "1-0"]
[WhiteElo "2141"]
[BlackElo "1970"]
[EventDate "2018.06.01"]
[PlyCount "73"]

1.d4 d5 2.c4 dxc4 3.e3 a6 4.Bxc4 e6 5.Nf3 Nf6 6.Qe2 b5 7.Bd3 Bb7 8.e4 Be7 
9.O-O O-O 10.a4 b4 11.Nbd2 a5 12.e5 Nd5 13.Qe4 g6 14.Qg4 Ba6 15.Bxa6 Rxa6 
16.Ne4 f5 17.exf6 Nxf6 18.Nxf6+ Bxf6 19.Bh6 Bg7 20.Bxg7 Kxg7 21.Rac1 Rf5 
22.Rfe1 Rd6 23.h4 Nc6 24.Rc4 h6 25.Rec1 Qe8 26.Qe4 Rfd5 27.g3 Kh8 28.Kh2 
e5 29.Rxc6 Rxc6 30.Rxc6 Qxc6 31.Nxe5 Qa8 32.Qxg6 Rxe5 33.Qxh6+ Kg8 34.Qg6+
Kh8 35.Qf6+ Kh7 36.Qf7+ Kh6 37.dxe5 1-0

[Event "XIII American Continental"]
[Site "Montevideo URU"]
[Date "2018.06.04"]
[Round "5"]
[White "Lopez Falcon, Jorge"]
[Black "Palma Neira, Eliseo Maximiliano"]
[Result "1-0"]
[WhiteElo "2120"]
[BlackElo "1956"]
[EventDate "2018.06.01"]
[PlyCount "119"]

1.d4 d5 2.c4 e6 3.Nf3 Nf6 4.g3 Be7 5.Bg2 O-O 6.O-O dxc4 7.Qc2 c6 8.Qxc4 b5
9.Qc2 Bb7 10.Nbd2 Nbd7 11.Nb3 Qb6 12.Ng5 Rac8 13.Be3 Qc7 14.Nc5 Nxc5 15.
dxc5 a5 16.h4 h6 17.Nf3 Nd5 18.Bd4 Rcd8 19.Rfd1 Bc8 20.a3 f5 21.Be5 Qa7 
22.Nd4 Bd7 23.Rac1 Qb7 24.e4 fxe4 25.Qxe4 Bf6 26.Re1 Rde8 27.Bf1 Bxe5 28.
Qxe5 Bc8 29.Bd3 Qf7 30.f4 Bd7 31.Rc2 Nf6 32.Rce2 g6 33.Qd6 Re7 34.Nxc6 
Bxc6 35.Qxc6 Rc7 36.Qxb5 Re8 37.Bc4 Rce7 38.Qb3 Kg7 39.Bxe6 Qf8 40.Qc3 Rc7
41.b4 h5 42.f5 axb4 43.axb4 gxf5 44.Bxf5 Kg8 45.Be6+ Kg7 46.Re5 Kh7 47.Rf5
Kg6 48.Rg5+ Kh6 49.Qe3 Kh7 50.Qd3+ Kh8 51.Ree5 Rh7 52.Qf5 Qe7 53.Bc4 Qxe5 
54.Qxe5 Rxe5 55.Rxe5 Rd7 56.Be2 Rd4 57.b5 Ne4 58.Rxh5+ Kg7 59.c6 Rd2 60.
Bf3 1-0

[Event "XIII American Continental"]
[Site "Montevideo URU"]
[Date "2018.06.04"]
[Round "5"]
[White "Mafra, Kaiser Luiz"]
[Black "Ledezma Panades, Hernan Javier"]
[Result "1/2-1/2"]
[WhiteElo "2116"]
[BlackElo "1887"]
[EventDate "2018.06.01"]
[PlyCount "137"]

1.c4 e5 2.Nc3 Nf6 3.g3 d5 4.cxd5 Nxd5 5.Bg2 Nb6 6.Nf3 Nc6 7.O-O Be7 8.a3 
Be6 9.b4 f6 10.d3 O-O 11.Bb2 a5 12.b5 Nd4 13.Nd2 Qc8 14.e3 Nf5 15.Qc2 a4 
16.Nce4 Nd6 17.Nxd6 cxd6 18.Rfc1 Qxc2 19.Rxc2 Rac8 20.Rac1 Rxc2 21.Rxc2 
Rc8 22.Rxc8+ Bxc8 23.Nc4 Nxc4 24.Bd5+ Kf8 25.dxc4 Bd8 26.Bc3 Bb6 27.Bb4 
Bc5 28.Bxc5 dxc5 29.b6 Ke7 30.Kf1 Be6 31.Bxb7 Bxc4+ 32.Ke1 Kd6 33.Be4 h6 
34.Kd2 Bb5 35.Kc3 Ba6 36.b7 Kc7 37.Bc6 Bxb7 38.Bxa4 Ba6 39.Be8 Kd6 40.a4 
Kd5 41.Bb5 Bc8 42.a5 Kd6 43.f4 Be6 44.e4 Bh3 45.f5 Bg2 46.Bd3 Kc6 47.Kc4 
Bf3 48.a6 Bg2 49.h4 Bf3 50.a7 Kb7 51.Kxc5 Kxa7 52.Kc6 Bg2 53.Kc7 Bf3 54.
Kc6 Bg2 55.Kd6 Kb6 56.g4 Bf3 57.g5 hxg5 58.hxg5 fxg5 59.Kxe5 Kc5 60.Bf1 g4
61.Kf4 Kd4 62.e5 Bc6 63.e6 g3 64.e7 Be8 65.Bg2 Bd7 66.Bh3 Be8 67.Kxg3 Ke5 
68.Kg4 Kf6 69.Kf4 1/2-1/2

[Event "XIII American Continental"]
[Site "Montevideo URU"]
[Date "2018.06.04"]
[Round "5"]
[White "Palmieri, Daniel"]
[Black "Gauche, Charles"]
[Result "0-1"]
[WhiteElo "1746"]
[BlackElo "2235"]
[EventDate "2018.06.01"]
[PlyCount "100"]

1.d4 Nf6 2.Nf3 g6 3.g3 Bg7 4.Bg2 O-O 5.O-O d6 6.c4 Nc6 7.Nc3 a6 8.Re1 Rb8 
9.d5 Na5 10.Qd3 c5 11.e4 b5 12.Nd2 Ng4 13.cxb5 axb5 14.a4 c4 15.Qe2 b4 16.
Nb5 Ne5 17.Rd1 Ba6 18.f4 c3 19.fxe5 cxd2 20.Bxd2 Bxe5 21.Bxb4 Nb3 22.Ra3 
Nd4 23.Qd2 Nxb5 24.axb5 Bxb5 25.Bc3 Bxc3 26.bxc3 Qc7 27.Qd4 Rb7 28.Rda1 f6
29.Bh3 Bd7 30.Bf1 Rfb8 31.Bd3 Bh3 32.Ra7 Kg7 33.Bb5 Rxa7 34.Rxa7 Rb7 35.
Rxb7 Qxb7 36.Bf1 Qb1 37.Qd3 Qc1 38.Kf2 Bxf1 39.Qxf1 Qxc3 40.Qe2 Qe5 41.h3 
f5 42.exf5 Qxe2+ 43.Kxe2 gxf5 44.Ke3 Kf6 45.Kf4 e5+ 46.Ke3 Kg5 47.Kf3 e4+ 
48.Ke3 h5 49.Kf2 h4 50.g4 fxg4 0-1

[Event "XIII American Continental"]
[Site "Montevideo URU"]
[Date "2018.06.04"]
[Round "5"]
[White "Mesias Rojas, Rabindranath"]
[Black "Moyses Sobrinho, Elias"]
[Result "1-0"]
[WhiteElo "2203"]
[BlackElo "1920"]
[EventDate "2018.06.01"]
[PlyCount "65"]

1.d4 d5 2.Nc3 Nf6 3.Bf4 c6 4.Nf3 Bf5 5.e3 e6 6.Bd3 Bxd3 7.cxd3 Bd6 8.Bg5 
h6 9.Bh4 Nbd7 10.O-O Qb6 11.Rb1 O-O 12.e4 dxe4 13.dxe4 Bb4 14.e5 Nh7 15.
Ne4 Rfe8 16.a3 Bf8 17.b4 g5 18.Bg3 f5 19.exf6 Ndxf6 20.Nc5 Rad8 21.Ne5 Qc7
22.f4 b6 23.fxg5 hxg5 24.Ned7 Bd6 25.Nxf6+ Nxf6 26.Rxf6 bxc5 27.Rg6+ Kf8 
28.Qh5 Rd7 29.Bxd6+ Qxd6 30.Rf1+ Rf7 31.Rg8+ Kxg8 32.Qxf7+ Kh8 33.Qxe8+ 
1-0

[Event "XIII American Continental"]
[Site "Montevideo URU"]
[Date "2018.06.04"]
[Round "5"]
[White "Markzon, Gregory"]
[Black "Davila Texeira, Mario"]
[Result "1-0"]
[WhiteElo "2144"]
[BlackElo "1873"]
[EventDate "2018.06.01"]
[PlyCount "67"]

1.d4 f5 2.c4 e6 3.Nc3 Nf6 4.e3 d5 5.Bd3 c6 6.Nge2 Bd6 7.f3 O-O 8.Qc2 Na6 
9.a3 Kh8 10.O-O Nh5 11.g3 dxc4 12.Bxc4 b5 13.Bd3 Bd7 14.Bd2 Qe7 15.e4 Rad8
16.e5 Bb8 17.g4 c5 18.Nxb5 Bxb5 19.Bxb5 Nc7 20.Bd3 cxd4 21.gxh5 f4 22.Nxf4
Qg5+ 23.Ng2 Qxe5 24.f4 Qxh5 25.Qd1 Qf7 26.Qe2 Rd5 27.Rae1 Re8 28.Qg4 a5 
29.Nh4 g6 30.Nf3 Nb5 31.Ng5 Qa7 32.Rxe6 Rf8 33.Rfe1 Rdd8 34.Re7 1-0

[Event "XIII American Continental"]
[Site "Montevideo URU"]
[Date "2018.06.04"]
[Round "5"]
[White "Belistri, Ubaldo"]
[Black "Granara Barreto, Sebastian"]
[Result "0-1"]
[WhiteElo "1867"]
[BlackElo "2141"]
[EventDate "2018.06.01"]
[PlyCount "102"]

1.d4 Nf6 2.c4 c5 3.Nf3 cxd4 4.Nxd4 e5 5.Nf3 Nc6 6.Nc3 Bc5 7.Bg5 Qb6 8.Qd2 
Bxf2+ 9.Kd1 Bd4 10.Bxf6 Bxc3 11.Qxc3 gxf6 12.e3 d6 13.Be2 Be6 14.Rf1 Ke7 
15.Nh4 Rad8 16.Ke1 Qb4 17.Qxb4 Nxb4 18.Rc1 d5 19.a3 Nc6 20.cxd5 Rxd5 21.
Bf3 Rd6 22.Be4 h6 23.h3 Rhd8 24.Rf2 Na5 25.Nf5+ Bxf5 26.Bxf5 Rc6 27.Rxc6 
Nxc6 28.Rd2 Rxd2 29.Kxd2 Kd6 30.Kc3 Ne7 31.Be4 b6 32.b4 f5 33.Bb7 Nd5+ 34.
Kd3 f4 35.exf4 Nxf4+ 36.Ke3 f5 37.h4 Ng6 38.g3 f4+ 39.gxf4 exf4+ 40.Ke4 
Nxh4 41.Kxf4 Ng6+ 42.Ke4 Ne5 43.Bc8 Nd7 44.a4 h5 45.Kd4 h4 46.Bb7 Ne5 47.
Bg2 Nc6+ 48.Kc4 a6 49.Bh1 h3 50.Kc3 h2 51.Kc4 Ne5+ 0-1

[Event "XIII American Continental"]
[Site "Montevideo URU"]
[Date "2018.06.04"]
[Round "5"]
[White "Dominguez Barreto, Facundo"]
[Black "Zaruski, Julio"]
[Result "1/2-1/2"]
[WhiteElo "2141"]
[BlackElo "1862"]
[EventDate "2018.06.01"]
[PlyCount "138"]

1.e4 Nf6 2.e5 Nd5 3.c4 Nb6 4.d4 d6 5.exd6 cxd6 6.Nc3 g6 7.Be3 Bg7 8.Nf3 
O-O 9.h3 Nc6 10.Be2 Na5 11.b3 Nc6 12.Rc1 f5 13.d5 Ne5 14.Qd2 Nxf3+ 15.Bxf3
Nd7 16.O-O Ne5 17.Be2 Qa5 18.Rfd1 a6 19.f4 Nd7 20.Na4 Qxd2 21.Rxd2 Nf6 22.
Bf3 Bd7 23.Nb6 Rad8 24.c5 dxc5 25.Bxc5 Rfe8 26.Re2 Kf7 27.Rce1 Ng8 28.Nxd7
Rxd7 29.d6 e6 30.Bd5 Bc3 31.Bxe6+ Rxe6 32.Rxe6 Bxe1 33.Rxe1 Nf6 34.Rc1 Ne4
35.Bd4 Nxd6 36.Be5 Ne4 37.Rc8 Ke6 38.Rc4 Rd1+ 39.Kh2 Rd7 40.Rc2 Ke7 41.Rc8
Kf7 42.a4 Ke6 43.b4 Kd5 44.b5 axb5 45.axb5 Nd6 46.Bxd6 Kxd6 47.b6 Kd5 48.
Kg3 Rd6 49.Rc7 Rxb6 50.Rxh7 Rb3+ 51.Kh4 Ke4 52.g3 b5 53.Rg7 b4 54.Rxg6 Rc3
55.Re6+ Kd4 56.g4 fxg4 57.hxg4 b3 58.Rb6 Rf3 59.f5 Kc3 60.Kg5 b2 61.f6 Kc2
62.Rxb2+ Kxb2 63.Kg6 Kc3 64.g5 Kd4 65.f7 Ke5 66.Kg7 Ke6 67.f8=Q Rxf8 68.
Kxf8 Kf5 69.g6 Kxg6 1/2-1/2

[Event "XIII American Continental"]
[Site "Montevideo URU"]
[Date "2018.06.04"]
[Round "5"]
[White "Avgoustopoulos, Christian"]
[Black "Cortes Arias, Mariela"]
[Result "1/2-1/2"]
[WhiteElo "2110"]
[BlackElo "1830"]
[EventDate "2018.06.01"]
[PlyCount "168"]

1.e4 c5 2.Nc3 Nc6 3.f4 g6 4.Nf3 Bg7 5.d3 d6 6.g3 e6 7.Bg2 Nge7 8.O-O O-O 
9.Ne2 Rb8 10.c3 d5 11.e5 h5 12.Be3 b6 13.Rb1 Nf5 14.Bf2 a5 15.a3 d4 16.b4 
cxb4 17.axb4 dxc3 18.bxa5 bxa5 19.Rxb8 Nxb8 20.Qc2 Ba6 21.Rd1 Qc7 22.Nfd4 
Nxd4 23.Bxd4 Rc8 24.Be4 Nc6 25.Bxc3 Nb4 26.Qd2 Bf8 27.Rc1 Qd7 28.Ra1 Bc5+ 
29.d4 Bxe2 30.dxc5 Qxd2 31.Bxd2 Rxc5 32.Kf2 Rc4 33.Bxg6 fxg6 34.Kxe2 Nc6 
35.Kd3 Rd4+ 36.Ke3 Rd5 37.Rc1 Nb4 38.Rc4 Rd3+ 39.Ke2 Rb3 40.Rc8+ Kf7 41.
Ra8 Nc6 42.Ra6 Nd4+ 43.Kf2 Rb2 44.Ke3 Nb3 45.Ra7+ Kf8 46.Bxa5 Nxa5 47.Rxa5
Rxh2 48.Ra7 Rg2 49.Kf3 Rb2 50.Rc7 Ra2 51.Ke3 Ra3+ 52.Kf2 Ra2+ 53.Kf3 Ra3+ 
54.Kg2 Kg8 55.Kh3 Ra1 56.Kh4 Rg1 57.Re7 Rg2 58.Rxe6 Kf7 59.Rf6+ Kg7 60.Rb6
Rg1 61.Kh3 Rh1+ 62.Kg2 Rb1 63.Rc6 Rb3 64.Kh3 Rb2 65.g4 hxg4+ 66.Kxg4 Rg2+ 
67.Kf3 Rg1 68.Rc7+ Kf8 69.Ra7 Ke8 70.Ke4 Rg4 71.Kf3 Rg1 72.Rb7 Kf8 73.Rb6 
Kf7 74.Rf6+ Ke7 75.Kf2 Rg4 76.Ke3 Rg1 77.Kf3 Ke8 78.Ke4 Ke7 79.Ra6 Re1+ 
80.Kf3 Rg1 81.Rf6 Ke8 82.Ke4 Ke7 83.f5 gxf5+ 84.Rxf5 Re1+ 1/2-1/2

[Event "XIII American Continental"]
[Site "Montevideo URU"]
[Date "2018.06.04"]
[Round "5"]
[White "Rothebarth, Ana Vitoria de Paula"]
[Black "Do Prado, Hamilton Mesquita"]
[Result "1-0"]
[WhiteElo "2090"]
[BlackElo "1681"]
[EventDate "2018.06.01"]
[PlyCount "89"]

1.e4 e5 2.Nf3 Nf6 3.Nxe5 Nxe4 4.Qe2 Qe7 5.Qxe4 d6 6.d4 dxe5 7.Qxe5 Nc6 8.
Qxe7+ Bxe7 9.c3 Bd6 10.Be3 O-O 11.Bd3 Re8 12.O-O Bd7 13.Nd2 Rad8 14.Nc4 
Bf8 15.Bf4 Rc8 16.Ne3 Ne7 17.Rad1 Ng6 18.Bg3 c6 19.Nc4 Bg4 20.f3 Be6 21.
Nd6 Bxd6 22.Bxd6 b5 23.b3 Red8 24.Bg3 Rd7 25.Be4 f5 26.Bc2 Rf7 27.Rfe1 Bd5
28.Bd3 f4 29.Bf2 Re7 30.Rxe7 Nxe7 31.Re1 Ng6 32.c4 bxc4 33.bxc4 Bf7 34.Rb1
Be8 35.Rb7 Ra8 36.a3 Bf7 37.Kf1 Kf8 38.Ke2 h6 39.Kd2 Ne7 40.Kc3 a5 41.Be4 
Ke8 42.g3 fxg3 43.Bxg3 Be6 44.Bd6 Bd7 45.Bxe7 1-0

[Event "XIII American Continental"]
[Site "Montevideo URU"]
[Date "2018.06.04"]
[Round "5"]
[White "Bustelo, Tabare"]
[Black "Fein, Jorge"]
[Result "1-0"]
[WhiteElo "2050"]
[BlackElo "1648"]
[EventDate "2018.06.01"]
[PlyCount "37"]

1.e4 e5 2.f4 d5 3.exd5 exf4 4.Nf3 Qxd5 5.Nc3 Qe6+ 6.Be2 Bc5 7.d4 Bb4 8.
Bxf4 c6 9.O-O Bxc3 10.bxc3 f6 11.Bd3 Qd7 12.Qe2+ Kf8 13.Rae1 b5 14.Bf5 Qd8
15.Bd6+ Kf7 16.Be6+ Bxe6 17.Qxe6+ Kg6 18.Ne5+ Kh5 19.Qg4+ 1-0

[Event "XIII American Continental"]
[Site "Montevideo URU"]
[Date "2018.06.04"]
[Round "5"]
[White "Ferrari, Carlos"]
[Black "Soto, Nicolas"]
[Result "1-0"]
[WhiteElo "1703"]
[BlackElo "2011"]
[EventDate "2018.06.01"]
[PlyCount "91"]

1.f4 d5 2.Nf3 Nf6 3.g3 g6 4.d4 Bg7 5.Bg2 c5 6.e3 Nc6 7.O-O cxd4 8.exd4 O-O
9.Nc3 Ne4 10.Ne2 Bg4 11.c3 Qc8 12.Ne5 Bh3 13.Kh1 Bxg2+ 14.Kxg2 f6 15.Nd3 
b6 16.Ng1 Kh8 17.Qf3 Qd7 18.h4 e5 19.f5 exd4 20.fxg6 hxg6 21.h5 Ne5 22.Qe2
Qg4 23.Qxg4 Nxg4 24.hxg6 dxc3 25.bxc3 Ne5 26.Nf4 Nxc3 27.Bb2 Na4 28.Bd4 
Nc6 29.Nf3 Nxd4 30.Nxd4 f5 31.Rh1+ Kg8 32.Nfe6 Rfe8 33.Raf1 Nc5 34.Nxg7 
Kxg7 35.Nxf5+ Kxg6 36.Rh4 Ne4 37.Rg4+ Ng5 38.Rgf4 Re2+ 39.Kh1 Rh8+ 40.Nh4+
Kg7 41.Rg4 Kh6 42.Rf6+ Kh5 43.Rd4 Rc8 44.Ng2 Rc1+ 45.Kh2 Re5 46.g4# 1-0

[Event "XIII American Continental"]
[Site "Montevideo URU"]
[Date "2018.06.04"]
[Round "5"]
[White "Durante, Aurelio"]
[Black "Bon, Charles"]
[Result "1-0"]
[WhiteElo "2006"]
[BlackElo "1591"]
[EventDate "2018.06.01"]
[PlyCount "69"]

1.e4 c5 2.Nf3 d6 3.c3 Nf6 4.Be2 Nxe4 5.Qa4+ Nc6 6.Qxe4 e6 7.O-O Be7 8.d4 
d5 9.Qg4 O-O 10.Ne5 cxd4 11.Nxc6 bxc6 12.Qxd4 Bf6 13.Qa4 Qd6 14.Bf4 e5 15.
Bg3 Bf5 16.Nd2 Qd7 17.Bh4 Bxh4 18.Qxh4 Rab8 19.b3 Bg6 20.Rac1 f5 21.Bh5 
Rf6 22.Rfe1 e4 23.Qf4 Rbf8 24.Bxg6 Rxg6 25.h3 Rgf6 26.Nf1 h6 27.h4 a5 28.
Red1 Kh7 29.h5 Qe8 30.Ng3 g6 31.hxg6+ Qxg6 32.c4 Qg4 33.Qxg4 fxg4 34.cxd5 
cxd5 35.Rc2 1-0

[Event "XIII American Continental"]
[Site "Montevideo URU"]
[Date "2018.06.04"]
[Round "5"]
[White "Reolon, Victor"]
[Black "Tregarthen, Emiliano"]
[Result "1-0"]
[WhiteElo "1678"]
[BlackElo "2083"]
[EventDate "2018.06.01"]
[PlyCount "45"]

1.d4 Nf6 2.c4 e6 3.g3 c5 4.Nf3 cxd4 5.Nxd4 Nc6 6.Bg2 Bc5 7.Nb3 Be7 8.Nc3 
O-O 9.O-O h6 10.e4 d6 11.Qe2 Bd7 12.Be3 Rc8 13.c5 Ne5 14.cxd6 Bxd6 15.f4 
Nc4 16.e5 Ng4 17.Bd4 Bb4 18.Qxg4 Ba4 19.Nxa4 Nd2 20.Rfd1 Rc4 21.Bf2 Qd3 
22.Nxd2 Rc2 23.Be4 1-0

[Event "XIII American Continental"]
[Site "Montevideo URU"]
[Date "2018.06.04"]
[Round "5"]
[White "Rodriguez Farias, Eduardo"]
[Black "Malan, Lucia"]
[Result "1-0"]
[WhiteElo "1943"]
[BlackElo "1733"]
[EventDate "2018.06.01"]
[PlyCount "65"]

1.e4 c5 2.c3 d6 3.d4 cxd4 4.cxd4 Nf6 5.Nc3 Nc6 6.Nf3 g6 7.Be2 Bg7 8.O-O 
O-O 9.a3 d5 10.e5 Ne4 11.Be3 f6 12.exf6 Bxf6 13.Rc1 Bf5 14.Nxd5 Bg7 15.Nc3
e6 16.h3 Nxc3 17.bxc3 e5 18.d5 e4 19.dxc6 exf3 20.Bxf3 bxc6 21.Bxc6 Rc8 
22.Bd5+ Kh8 23.c4 Qa5 24.Bd4 Rc7 25.Bxg7+ Rxg7 26.Qb3 Qc7 27.Qb2 h5 28.
Rfe1 Kh7 29.Re3 Rb8 30.Qd4 Re7 31.Rce1 Rxe3 32.Qxe3 Rb2 33.Qe7+ 1-0

[Event "XIII American Continental"]
[Site "Montevideo URU"]
[Date "2018.06.04"]
[Round "5"]
[White "Chaves, Jorge Antonio Torres"]
[Black "Gomes, Marco Tulio Caldeira"]
[Result "1-0"]
[WhiteElo "1936"]
[BlackElo "1692"]
[EventDate "2018.06.01"]
[PlyCount "65"]

1.e4 c5 2.Nf3 Nc6 3.d4 cxd4 4.Nxd4 e6 5.g3 Nf6 6.Bg2 Qc7 7.Be3 a6 8.O-O 
Be7 9.Nc3 O-O 10.Nxc6 bxc6 11.f4 d6 12.Qf3 Rb8 13.Rab1 Bb7 14.g4 c5 15.g5 
Nd7 16.Qh5 g6 17.Qh6 Rfe8 18.Rf3 Bf8 19.Qh4 Bg7 20.Rh3 Nf8 21.Ne2 d5 22.e5
Ba8 23.Bf2 a5 24.Rc3 c4 25.Bd4 Rb5 26.Rh3 Reb8 27.Bf1 Rb4 28.a3 R4b5 29.
Ng3 Qc6 30.Nh1 R5b7 31.Nf2 f5 32.exf6 Bh8 33.Ng4 1-0

[Event "XIII American Continental"]
[Site "Montevideo URU"]
[Date "2018.06.04"]
[Round "5"]
[White "Ramos, Angelo Bil"]
[Black "Solari, Pablo"]
[Result "0-1"]
[WhiteElo "1926"]
[BlackElo "1678"]
[EventDate "2018.06.01"]
[PlyCount "60"]

1.e4 e6 2.d4 d5 3.Nd2 dxe4 4.Nxe4 Nf6 5.Ng3 c5 6.Nf3 Nc6 7.Bb5 Qa5+ 8.c3 
Qxb5 9.a4 Qc4 10.Qe2 Qxe2+ 11.Nxe2 Bd6 12.O-O b6 13.Re1 O-O 14.h3 Rd8 15.
Bg5 Ba6 16.Rad1 Bxe2 17.Rxe2 h6 18.Bc1 cxd4 19.cxd4 Nb4 20.Bd2 Rac8 21.
Bxb4 Bxb4 22.g3 Bd6 23.Kg2 Rc4 24.b3 Rc3 25.Re3 Rxe3 26.fxe3 Rc8 27.Nd2 
Nd5 28.Kf3 Rc3 29.Re1 Bb4 30.Re2 Rd3 0-1

[Event "XIII American Continental"]
[Site "Montevideo URU"]
[Date "2018.06.04"]
[Round "5"]
[White "Pena Canapa, Alfredo"]
[Black "Palacio, Enzo"]
[Result "1-0"]
[WhiteElo "1925"]
[BlackElo "1633"]
[EventDate "2018.06.01"]
[PlyCount "171"]

1.d4 Nf6 2.c4 e6 3.g3 d5 4.Nf3 Bb4+ 5.Bd2 Be7 6.Bg2 c6 7.Qc2 O-O 8.O-O 
Nbd7 9.Bf4 b6 10.Nbd2 Nh5 11.Be3 Bb7 12.Rfd1 Rc8 13.Qa4 a5 14.cxd5 cxd5 
15.Rac1 Rxc1 16.Rxc1 Bd6 17.Qb5 Nhf6 18.Bf4 Bxf4 19.gxf4 Nb8 20.Qb3 Nc6 
21.e3 Nd7 22.Bf1 Qe7 23.Bb5 Rc8 24.Qa4 f6 25.Qa3 Kf7 26.Qd3 Kg8 27.f5 Qd6 
28.fxe6 Qxe6 29.Qb3 Kf7 30.Rc3 Ncb8 31.Rxc8 Bxc8 32.Qc2 Ba6 33.Bxa6 Nxa6 
34.Qxh7 Qg4+ 35.Kf1 Qe6 36.a3 Qc6 37.Qf5 Kg8 38.Kg2 b5 39.Nh4 Nf8 40.Nb3 
a4 41.Na5 Qa8 42.Qc2 Qe8 43.Nc6 Qd7 44.Nf5 Ng6 45.Ng3 Nh4+ 46.Kh1 Qh3 47.
f4 Nc7 48.Nb4 Ne8 49.Nxd5 Nd6 50.Nc3 Ndf5 51.Nce4 Nxe3 52.Qe2 Nd5 53.Ng5 
Qc8 54.Qe6+ Qxe6 55.Nxe6 Kf7 56.Nd8+ Ke8 57.Ne6 Kf7 58.Nd8+ Ke8 59.Nb7 Kd7
60.Nc5+ Kc6 61.Ne2 Ng6 62.Nd3 Kb6 63.Kg2 Ka5 64.Kf3 b4 65.Ke4 bxa3 66.bxa3
Nb6 67.Nb2 Ne7 68.Nc3 g6 69.d5 g5 70.fxg5 fxg5 71.Ke5 Ng6+ 72.Kd6 g4 73.
Ke6 Nf4+ 74.Ke5 Ng6+ 75.Kf5 Ne7+ 76.Ke6 Ng6 77.d6 Nf8+ 78.Kf5 Nc8 79.Nc4+ 
Ka6 80.Kxg4 Kb7 81.Kf5 Kc6 82.Nxa4 Nxd6+ 83.Nxd6 Kxd6 84.Nb2 Ne6 85.h4 
Nd4+ 86.Kf6 1-0

[Event "XIII American Continental"]
[Site "Montevideo URU"]
[Date "2018.06.04"]
[Round "5"]
[White "Miraballes Lopez, Andres"]
[Black "Busca, Joaquin"]
[Result "1-0"]
[WhiteElo "1665"]
[BlackElo "1889"]
[EventDate "2018.06.01"]
[PlyCount "71"]

1.e4 c6 2.d4 d5 3.exd5 cxd5 4.c4 e6 5.Nc3 Nf6 6.Nf3 Be7 7.cxd5 Nxd5 8.Bd3 
Nxc3 9.bxc3 Nd7 10.O-O O-O 11.Re1 Nf6 12.Bc2 b6 13.Qd3 Bb7 14.Bg5 g6 15.
Ne5 Rc8 16.h4 Nd5 17.Bxe7 Qxe7 18.c4 Nb4 19.Qa3 a5 20.Be4 Bxe4 21.Rxe4 f6 
22.Nf3 Rxc4 23.Rae1 Qc7 24.Qb3 a4 25.Qb1 Re8 26.Nd2 Nc2 27.Nxc4 Nxe1 28.
Nxb6 Rb8 29.Qxe1 Qxb6 30.Rxe6 Qxd4 31.Re4 Qd3 32.Re8+ Rxe8 33.Qxe8+ Kg7 
34.Qxa4 Qe2 35.Qa7+ Kh6 36.Qe3+ 1-0

[Event "XIII American Continental"]
[Site "Montevideo URU"]
[Date "2018.06.04"]
[Round "5"]
[White "Oviedo, Mathias"]
[Black "Pinero, Ismael"]
[Result "0-1"]
[WhiteElo "1611"]
[BlackElo "1883"]
[EventDate "2018.06.01"]
[PlyCount "90"]

1.e4 c5 2.Nf3 Nc6 3.d4 cxd4 4.Nxd4 Nf6 5.Nc3 e5 6.Ndb5 d6 7.Bg5 a6 8.Na3 
b5 9.Nd5 Be7 10.Bxf6 Bxf6 11.c3 O-O 12.Nc2 Bg5 13.a4 bxa4 14.Rxa4 a5 15.
Bc4 Bd7 16.Ra1 Kh8 17.O-O f5 18.f3 Rb8 19.b4 axb4 20.Ncxb4 Nxb4 21.Nxb4 
Be3+ 22.Kh1 Be8 23.Nd5 Bc5 24.Qd3 f4 25.Rfb1 Rxb1+ 26.Rxb1 Bc6 27.Bb5 Bxd5
28.Qxd5 Qa5 29.Qd3 h5 30.c4 Rf6 31.Qd1 Bd4 32.Qa4 Qd2 33.Qa8+ Kh7 34.Bd7 
Rg6 35.g3 Qf2 36.Qa3 fxg3 37.hxg3 Rxg3 38.Bf5+ Kh6 39.Qxd6+ g6 40.Qf8+ Kg5
41.f4+ Kh4 42.Qf6+ g5 43.Qxg5+ Rxg5 44.fxg5 Kg3 45.Rb3+ Be3 0-1

[Event "XIII American Continental"]
[Site "Montevideo URU"]
[Date "2018.06.04"]
[Round "5"]
[White "Barandiaran, Gabriel"]
[Black "Mordetzki, Ariel"]
[Result "1/2-1/2"]
[WhiteElo "1882"]
[BlackElo "1542"]
[EventDate "2018.06.01"]
[PlyCount "44"]

1.e4 e6 2.d4 d5 3.Nd2 Nf6 4.e5 Nfd7 5.Ngf3 c5 6.c3 Nc6 7.Bd3 Qb6 8.dxc5 
Bxc5 9.Qe2 Qc7 10.Nb3 Ncxe5 11.Nxc5 Nxf3+ 12.Qxf3 Qxc5 13.O-O O-O 14.Re1 
Qd6 15.Bf4 e5 16.Qh5 f5 17.Bg3 Nf6 18.Qe2 f4 19.Bh4 e4 20.Bc2 Bg4 21.f3 
exf3 22.gxf3 Bh3 1/2-1/2

[Event "XIII American Continental"]
[Site "Montevideo URU"]
[Date "2018.06.04"]
[Round "5"]
[White "Stetsenko, Ilya"]
[Black "Ortiz, Jorge"]
[Result "0-1"]
[WhiteElo "1461"]
[BlackElo "1784"]
[EventDate "2018.06.01"]
[PlyCount "84"]

1.d4 Nf6 2.c4 c5 3.d5 b5 4.Qc2 d6 5.e4 g6 6.Nf3 Nbd7 7.cxb5 a6 8.bxa6 Bxa6
9.Bxa6 Qa5+ 10.Nbd2 Qxa6 11.Nc4 Bg7 12.O-O O-O 13.Bd2 Rfb8 14.Ne3 Qa4 15.
Qxa4 Rxa4 16.e5 dxe5 17.Bc3 Ne4 18.b3 Nxc3 19.bxa4 Ne2+ 20.Kh1 e4 21.Nd2 
Bxa1 22.Rxa1 f5 23.Rb1 Nc3 24.Rxb8+ Nxb8 25.a5 Nxa2 26.Nb3 Na6 27.Kg1 Kf8 
28.Kf1 Ke8 29.Ke1 Kd7 30.Nc4 N2b4 31.Nb6+ Kd6 32.Nc8+ Kxd5 33.Nxe7+ Kc4 
34.Nd2+ Kd3 35.Ng8 c4 36.Nxc4 Kxc4 37.Nf6 h5 38.Ke2 Kd4 39.h3 Nc6 40.g4 
hxg4 41.hxg4 f4 42.g5 Nxa5 0-1

[Event "XIII American Continental"]
[Site "Montevideo URU"]
[Date "2018.06.04"]
[Round "5"]
[White "Marques, Ubiratan De Azevedo"]
[Black "Shih Ferreira, Yin Chieh"]
[Result "1/2-1/2"]
[WhiteElo "1777"]
[BlackElo "1378"]
[EventDate "2018.06.01"]
[PlyCount "116"]

1.d4 d5 2.Nf3 Nf6 3.Bf4 Bf5 4.h3 h6 5.e3 e6 6.Nbd2 Be7 7.Be2 O-O 8.Ne5 c5 
9.c3 Nbd7 10.O-O Rc8 11.Ndf3 Qb6 12.Qb3 cxd4 13.Qxb6 Nxb6 14.Nxd4 Bh7 15.
a4 a6 16.Rfc1 Nbd7 17.a5 Nxe5 18.Bxe5 Nd7 19.Bg3 Nc5 20.f3 Bg5 21.f4 Bf6 
22.b4 Bxd4 23.cxd4 Nb3 24.Rxc8 Rxc8 25.Rd1 Rc1 26.Kf1 Rxd1+ 27.Bxd1 Nd2+ 
28.Ke2 Ne4 29.Be1 Kf8 30.Ba4 Ke7 31.b5 axb5 32.Bxb5 h5 33.g4 hxg4 34.hxg4 
Kd8 35.Bb4 Kc7 36.Kf3 Kd8 37.Bf8 Nc3 38.Bf1 Be4+ 39.Kg3 g6 40.Bh6 Nd1 41.
f5 exf5 42.gxf5 Bxf5 43.Kf4 Nf2 44.Bf8 Nd1 45.Bb4 Nf2 46.Kg5 Ne4+ 47.Kh6 
Ke8 48.Bb5+ Bd7 49.Be2 Bf5 50.Kg7 g5 51.Bf3 g4 52.Bxe4 Bxe4 53.Be1 f5 54.
Kf6 Kd7 55.Ke5 Kc6 56.Kf4 Kb5 57.Kg3 b6 58.axb6 Kxb6 1/2-1/2

[Event "XIII American Continental"]
[Site "Montevideo URU"]
[Date "2018.06.04"]
[Round "5"]
[White "Maestro, Esteban"]
[Black "Campora, Edgardo"]
[Result "1-0"]
[WhiteElo "1444"]
[BlackElo "1772"]
[EventDate "2018.06.01"]
[PlyCount "109"]

1.e4 Nf6 2.e5 Nd5 3.d4 d6 4.exd6 exd6 5.Nf3 Nc6 6.c3 Be7 7.Bd3 O-O 8.O-O 
Bf6 9.Re1 Nce7 10.Qc2 g6 11.Na3 Bg4 12.Ng5 c5 13.dxc5 dxc5 14.Ne4 Rc8 15.
Nxf6+ Nxf6 16.Nc4 b5 17.Ne5 Bf5 18.Bxf5 Nxf5 19.Bg5 Re8 20.Rad1 Qb6 21.Qd3
Rcd8 22.Qf3 Rxd1 23.Qxd1 h6 24.Bxf6 Qxf6 25.Nd7 Rxe1+ 26.Qxe1 Qd6 27.Qe8+ 
Kg7 28.Qe5+ Qxe5 29.Nxe5 Nd6 30.f3 Nb7 31.Kf2 c4 32.Ke3 Nc5 33.Kd4 Ne6+ 
34.Ke4 f5+ 35.Ke3 Kf6 36.Nc6 a6 37.g3 Nc5 38.Nb4 Ke5 39.f4+ Kd6 40.Kd4 a5 
41.Nc2 Nd3 42.b3 cxb3 43.axb3 Nc1 44.Na1 Ne2+ 45.Kd3 Ng1 46.Ke3 Nh3 47.Kf3
Ng1+ 48.Kf2 Nh3+ 49.Kg2 Nxf4+ 50.gxf4 g5 51.Kf3 Kc5 52.Nc2 a4 53.bxa4 bxa4
54.Na3 g4+ 55.Kg3 1-0